Asian Countries with Highest Percentage of Christians - Statistics

General Stats
  • This quiz has been taken 102 times
  • The average score is 15 of 19
Answer Stats
# Percentage Answer % Correct
3 92.5 Philippines
93%
4 88.6 Georgia
91%
1 98.7 Armenia
90%
8 27.0 Kazakhstan
90%
7 29.2 South Korea
89%
16 9.0 Uzbekistan
88%
6 41.0 Lebanon
85%
15 9.2 Malaysia
84%
9 18.8 Singapore
83%
11 17.0 Kyrgyzstan
82%
2 98.0 Timor-Leste
82%
12 12.41 Indonesia
80%
16 9.0 Turkmenistan
79%
5 79.3 Cyprus
74%
13 10.0 Syria
73%
16 9.0 United Arab Emirates
70%
16 9.0 Bahrain
65%
10 18.17 Kuwait
63%
13 10.0 Brunei
54%
No matching quizzes found
Score Distribution
Percent of People with Each Score
Percentile by Number Answered
Your Score History
You have not taken this quiz